| 000 | 00616nam a2200181Ia 4500 | ||
|---|---|---|---|
| 003 | GCL | ||
| 008 | 140319s9999 xx 000 0 ara d | ||
| 040 |
_aGCL / _cGCL |
||
| 082 | 0 | 4 |
_a301.61 _bن ع |
| 100 | 1 | _aنادية محمد السيد عمر | |
| 245 | 1 | 0 |
_aعلم الاجتماع الطبى: المفهوم والمجالات / _cنادية محمد السيد عمر |
| 300 | _a493 ص | ||
| 490 |
_aالهيئة العامة للاستعلامات _v0 |
||
| 650 | 0 | 4 | _aالاجتماع، علم |
| 650 | 0 | 4 | _aالطب والمجتمع |
| 650 | 0 | 4 | _aالاجتماع الطبى، علم |
| 942 |
_2ddc _cBK |
||
| 999 |
_c49222 _d49222 |
||